| 000 -LEADER |
| fixed length control field |
01344nam a2200241Ia 4500 |
| 001 - CONTROL NUMBER |
| control field |
15677 |
| 003 - CONTROL NUMBER IDENTIFIER |
| control field |
GE_BSU |
| 008 - FIXED-LENGTH DATA ELEMENTS--GENERAL INFORMATION |
| fixed length control field |
181216s||||||||xx |||||||||||||| ||und|| |
| 040 ## - CATALOGING SOURCE |
| Transcribing agency |
GE_BSU |
| 080 ## - UNIVERSAL DECIMAL CLASSIFICATION NUMBER |
| Universal Decimal Classification number |
821.353.1(092მირცხულავა, ა.) + 821.353.1-94 |
| 100 ## - MAIN ENTRY--PERSONAL NAME |
| Personal name |
მირცხულავა,ა. და სხვ. |
| 245 ## - TITLE STATEMENT |
| Title |
ჩემი ქვეყანა ეგრე ლამაზი |
| 245 ## - TITLE STATEMENT |
| Remainder of title |
ალიო მირცხულავას დაბადების 70 წლისთავისადმი მიძღვნილი კრებული : [წერილები და მოგონებები] |
| 245 ## - TITLE STATEMENT |
| Statement of responsibility, etc. |
შემდგ.: ც. ქაროსანიძე. რედ.თ.ჯიჯეიშვილი. მხ. ს. ბოტკოველი. თ.ჩირინაშვილი |
| 260 ## - PUBLICATION, DISTRIBUTION, ETC. |
| Place of publication, distribution, etc. |
თბილისი |
| 260 ## - PUBLICATION, DISTRIBUTION, ETC. |
| Name of publisher, distributor, etc. |
განათლება |
| 260 ## - PUBLICATION, DISTRIBUTION, ETC. |
| Date of publication, distribution, etc. |
1977 |
| 300 ## - PHYSICAL DESCRIPTION |
| Extent |
199გვ. ; 20სმ |
| 653 ## - INDEX TERM--UNCONTROLLED |
| Uncontrolled term |
მირცხულავა, ალიო; ქართული ლიტერატურის ისტორია და კრიტიკა; |
| 653 ## - INDEX TERM--UNCONTROLLED |
| Uncontrolled term |
ჩემი ქვეყანა ეგრე ლამაზი |
| 653 ## - INDEX TERM--UNCONTROLLED |
| Uncontrolled term |
წერილები და მოგონებები |
| 942 ## - ADDED ENTRY ELEMENTS (KOHA) |
| Koha item type |
წიგნი |